[Event "RSA-ch U18"]
[Site "Gauteng"]
[Date "2017.04.09"]
[Round "8"]
[White "Moremi, Thato"]
[Black "Danielkutty, Liju"]
[Result "1-0"]
[WhiteElo "1487"]
[BlackElo "1329"]
[PlyCount "76"]
[EventDate "2017.04.05"]
[EventType "swiss"]
[EventRounds "11"]
[EventCountry "RSA"]
[SourceTitle "CBM 177 Extra"]
[Source "ChessBase"]
[SourceDate "2017.04.27"]
[SourceVersion "1"]
[SourceVersionDate "2017.04.27"]
[SourceQuality "1"]

1. d4 Nf6 2. Nf3 g6 3. Bf4 Bg7 4. e3 0-0 5. Bc4 d6 6. h3 Nbd7 7. 0-0 c5 8. c3 Qb6 9. Qc2 d5 10. Be2 e6 11. Nbd2 a6 12. Rab1 Qa7 13. Ne5 Nxe5 14. Bxe5 Nd7 15. Bxg7 Kxg7 16. f4 cxd4 17. exd4 e5 18. fxe5 Nxe5 19. Nf3 Nxf3+ 20. Rxf3 Re8 21. Rbf1 b5 22. Bd3 Be6 23. h4 h5 24. Qf2 Re7 25. Qg3 Bg4 26. Rf6 Rae8 27. Qd6 Be6 28. Qe5 Kh7 29. Qxh5+ Kg7 30. Bxg6 Rh8 31. Qg5 Kf8 32. Bf5 Qc7 33. h5 a5 34. h6 Rg8 35. Qh5 Rh8 36. h7 Bxf5 37. Qh6+ Ke8 38. R6xf5 f6 1-0

[Event "RSA-ch U18"]
[Site "Gauteng"]
[Date "2017.04.08"]
[Round "6"]
[White "Danielkutty, Liju"]
[Black "Khumalo, Kagiso"]
[Result "1/2-1/2"]
[WhiteElo "1329"]
[BlackElo "1402"]
[PlyCount "51"]
[EventDate "2017.04.05"]
[EventType "swiss"]
[EventRounds "11"]
[EventCountry "RSA"]
[SourceTitle "CBM 177 Extra"]
[Source "ChessBase"]
[SourceDate "2017.04.27"]
[SourceVersion "1"]
[SourceVersionDate "2017.04.27"]
[SourceQuality "1"]

1. e4 e6 2. Nf3 g6 3. Be2 Bg7 4. 0-0 Ne7 5. d4 d5 6. exd5 Nxd5 7. c3 0-0 8. Bg5 Qd6 9. Qd2 Nd7 10. Bh6 N7f6 11. Bxg7 Kxg7 12. Bd3 b6 13. Qd1 Nf4 14. Bc2 Bb7 15. Nbd2 N4d5 16. Re1 Ne7 17. Ne4 Qf4 18. Ned2 Rad8 19. Qe2 Nf5 20. Qe5 Qxe5 21. Rxe5 Nd6 22. h3 h6 23. Bd3 Rfe8 24. Rae1 Nh5 25. Bc2 Nf6 26. Ne4 1/2-1/2